000 00452nam a2200205Ia 4500
001 110710
003 YMCAF
005 20230512162425.0
008 100717s2004 ||||||||||||||||| ||und|d
024 _a110710
035 _aWB1697
040 _aYMCAF
_beng
_cIN-KoLT
041 _aeng
082 _a004.16
_bRAY
100 _aRay, A K
245 0 _aAdvanced microprocessors peripherals
260 _bTMH
_c2004
300 _a666
942 _2ddc
_cBK
999 _c11962
_d11962